[Event "Barcelona Sant Marti op-A 19th"]
[Site "Barcelona"]
[Date "2017.07.21"]
[Round "9.42"]
[White "Rios Parra, Alejandro"]
[Black "Degraeve, Thomas"]
[Result "1-0"]
[WhiteElo "2342"]
[BlackElo "2008"]
[PlyCount "107"]
[EventDate "2017.07.13"]
[EventType "swiss"]
[EventRounds "9"]
[EventCountry "ESP"]
[SourceTitle "EXT 2018"]
[Source "ChessBase"]
[SourceDate "2017.10.13"]
[SourceVersion "1"]
[SourceVersionDate "2017.10.13"]
[SourceQuality "1"]

1. Nf3 b6 2. g3 Bb7 3. Bg2 e5 4. 0-0 e4 5. Nd4 c5 6. Nf5 g6 7. Ne3 d5 8. d3 f5 9. c4 d4 10. Nd5 Nf6 11. Bg5 Be7 12. Bxf6 Bxf6 13. dxe4 Bxd5 14. exd5 Nd7 15. Nd2 0-0 16. Qc2 Re8 17. Nf3 Ne5 18. Rad1 Qd6 19. Nxe5 Rxe5 20. Rd3 Rae8 21. Bf3 g5 22. h3 Qd7 23. g4 f4 24. Ra3 R5e7 25. Qa4 Qxa4 26. Rxa4 Be5 27. Ra6 Rd8 28. a4 Bd6 29. Rd1 h6 30. Rd3 Rdd7 31. Kf1 Kg7 32. Rb3 Kf7 33. Ke1 Kg7 34. Kd2 Kf7 35. Kd3 Kg7 36. Be4 Kf7 37. Bf5 Rb7 38. a5 Bc7 39. Bc8 Rb8 40. Be6+ Kf6 41. Rxa7 bxa5 42. Rxb8 Bxb8 43. Rxa5 Rb7 44. Kc2 Bd6 45. Ra8 Rb4 46. b3 Rb7 47. Bf5 Kg7 48. Ra6 Bf8 49. d6 Rb8 50. d7 Rd8 51. Kd3 Kf7 52. Ke4 Kg7 53. Kd5 Be7 54. Rg6+ 1-0

[Event "Barcelona Sant Marti op-A 19th"]
[Site "Barcelona"]
[Date "2017.07.19"]
[Round "7"]
[White "Meenal, Gupta"]
[Black "Degraeve, Thomas"]
[Result "1/2-1/2"]
[WhiteElo "1915"]
[BlackElo "2008"]
[PlyCount "96"]
[EventDate "2017.07.13"]
[EventType "swiss"]
[EventRounds "9"]
[EventCountry "ESP"]
[SourceTitle "EXT 2018"]
[Source "ChessBase"]
[SourceDate "2017.10.13"]
[SourceVersion "1"]
[SourceVersionDate "2017.10.13"]
[SourceQuality "1"]

1. e4 e6 2. d4 d5 3. Nc3 dxe4 4. Nxe4 Bd7 5. Nf3 Bc6 6. Bd3 Nd7 7. 0-0 Ngf6 8. Ng3 Be7 9. b3 0-0 10. c4 Bxf3 11. Qxf3 c6 12. Bb2 Qc7 13. Rfe1 Rfe8 14. Rad1 Rad8 15. h4 Nf8 16. Bb1 Rd7 17. Ne2 Qd8 18. Nf4 Ng6 19. Bxg6 hxg6 20. Nd3 Bd6 21. Ne5 Bxe5 22. dxe5 Nh7 23. Rxd7 Qxd7 24. Ba3 Qd8 25. Re4 Qd2 26. Qe2 Qxe2 27. Rxe2 Rd8 28. Bd6 f6 29. f4 g5 30. fxg5 fxg5 31. h5 Nf6 32. exf6 Rxd6 33. fxg7 Kxg7 34. Kf2 Kh6 35. g4 c5 36. Re5 b6 37. Ke3 a5 38. a3 a4 39. bxa4 Rd4 40. Rxe6+ Kh7 41. Rxb6 Rxg4 42. a5 Rxc4 43. Rg6 Ra4 44. Rxg5 Rxa3+ 45. Kd2 Rxa5 46. Kc3 Ra3+ 47. Kc4 Kh6 48. Rxc5 Rh3 1/2-1/2

[Event "Barcelona Sant Marti op-A 19th"]
[Site "Barcelona"]
[Date "2017.07.18"]
[Round "6"]
[White "Degraeve, Thomas"]
[Black "Vergara Jofre, Felipe Andres"]
[Result "0-1"]
[WhiteElo "2008"]
[BlackElo "2234"]
[PlyCount "100"]
[EventDate "2017.07.13"]
[EventType "swiss"]
[EventRounds "9"]
[EventCountry "ESP"]
[SourceTitle "EXT 2018"]
[Source "ChessBase"]
[SourceDate "2017.10.13"]
[SourceVersion "1"]
[SourceVersionDate "2017.10.13"]
[SourceQuality "1"]

1. d4 Nf6 2. c4 Nc6 3. Nf3 e6 4. Nc3 Bb4 5. Bg5 h6 6. Bxf6 Bxc3+ 7. bxc3 Qxf6 8. e4 d6 9. Bd3 e5 10. d5 Nb8 11. 0-0 0-0 12. h3 Nd7 13. Qe2 a5 14. Kh2 Nc5 15. Bc2 Qe7 16. g3 f5 17. Nh4 f4 18. Ng6 Qd7 19. Qh5 Rf6 20. gxf4 Rxg6 21. Qxg6 Qxh3+ 22. Kg1 Bg4 23. Bd1 Bxd1 24. Raxd1 Rf8 25. Qg3 Qh5 26. f3 Rxf4 27. Rde1 Rf6 28. Qh2 Qf7 29. Qe2 Rg6+ 30. Kh1 Rg3 31. Qh2 Rg5 32. Qe2 Rh5+ 33. Kg1 Qg6+ 34. Qg2 Rg5 35. Re2 Nd3 36. Qxg5 Qxg5+ 37. Rg2 Qe3+ 38. Kh1 g5 39. Rh2 Kg7 40. Rc2 Kg6 41. Kh2 Nf4 42. Rff2 Qe1 43. Rcd2 b6 44. Rc2 a4 45. Rcd2 a3 46. Rc2 h5 47. Rcd2 Qb1 48. Rc2 Nd3 49. Rfe2 Ne1 50. Rcd2 Nxf3+ 0-1

[Event "Espalion op 1st"]
[Site "Espalion"]
[Date "2016.07.16"]
[Round "9"]
[White "Degraeve, Thomas"]
[Black "Flaujac, Benoit"]
[Result "1-0"]
[WhiteElo "1905"]
[BlackElo "1809"]
[PlyCount "81"]
[EventDate "2016.07.09"]
[EventType "swiss"]
[EventRounds "9"]
[EventCountry "FRA"]
[SourceTitle "CBM 173 Extra"]
[Source "ChessBase"]
[SourceDate "2016.08.29"]
[SourceVersion "1"]
[SourceVersionDate "2016.08.29"]
[SourceQuality "1"]

1. d4 Nf6 2. c4 e5 3. dxe5 Ng4 4. Nf3 Bc5 5. e3 Nc6 6. Nc3 Ngxe5 7. Nxe5 Nxe5 8. f4 Ng6 9. Bd3 a5 10. Bd2 c6 11. Qf3 0-0 12. 0-0-0 d5 13. h4 dxc4 14. Bxc4 Be6 15. Bxe6 fxe6 16. Ne4 Qb6 17. Nxc5 Qxc5+ 18. Bc3 b5 19. Kb1 b4 20. Bd4 Qf5+ 21. Ka1 c5 22. g4 Qf7 23. Bxc5 Rfc8 24. Rc1 Ne5 25. Qe2 Nd7 26. Bd4 Nf6 27. g5 Nd5 28. h5 Qb7 29. Qg4 Rc6 30. e4 Rac8 31. Rcd1 Qc7 32. Kb1 Nc3+ 33. bxc3 bxc3 34. Ka1 c2 35. Rc1 Rd8 36. Be5 Qc8 37. f5 exf5 38. Qxf5 Qb7 39. g6 h6 40. Rhf1 Rb8 41. Bxb8 1-0

[Event "Espalion op 1st"]
[Site "Espalion"]
[Date "2016.07.11"]
[Round "4"]
[White "Degraeve, Thomas"]
[Black "Malart, Jacques"]
[Result "0-1"]
[WhiteElo "1905"]
[BlackElo "1687"]
[PlyCount "72"]
[EventDate "2016.07.09"]
[EventType "swiss"]
[EventRounds "9"]
[EventCountry "FRA"]
[SourceTitle "CBM 173 Extra"]
[Source "ChessBase"]
[SourceDate "2016.08.29"]
[SourceVersion "1"]
[SourceVersionDate "2016.08.29"]
[SourceQuality "1"]

1. d4 d5 2. c4 c6 3. cxd5 cxd5 4. Nc3 Nf6 5. Bf4 Nc6 6. e3 Bf5 7. Bb5 e6 8. Nf3 Bb4 9. Qa4 Bxc3+ 10. bxc3 Qb6 11. Nh4 0-0 12. Nxf5 exf5 13. Bxc6 bxc6 14. 0-0 Ne4 15. Qc2 Qa5 16. Rfc1 g6 17. Rab1 c5 18. f3 Nf6 19. a4 a6 20. Rb7 Rac8 21. Bd6 Rfe8 22. Bxc5 Rxe3 23. Kf2 f4 24. g3 Rxc5 25. dxc5 Qxc5 26. Kg2 Qc4 27. Rb2 Nd7 28. Qd2 Ne5 29. Qd4 Re2+ 30. Rxe2 Qxe2+ 31. Qf2 Qxf2+ 32. Kxf2 Nd3+ 33. Ke2 Nxc1+ 34. Kd2 fxg3 35. hxg3 Nb3+ 36. Kc2 Nc5 0-1

[Event "Espalion op 1st"]
[Site "Espalion"]
[Date "2016.07.11"]
[Round "3"]
[White "Moingt, Jean Claude"]
[Black "Degraeve, Thomas"]
[Result "1-0"]
[WhiteElo "2177"]
[BlackElo "1905"]
[PlyCount "49"]
[EventDate "2016.07.09"]
[EventType "swiss"]
[EventRounds "9"]
[EventCountry "FRA"]
[SourceTitle "CBM 173 Extra"]
[Source "ChessBase"]
[SourceDate "2016.08.29"]
[SourceVersion "1"]
[SourceVersionDate "2016.08.29"]
[SourceQuality "1"]

1. e4 e6 2. d3 d5 3. Qe2 Nf6 4. Nf3 Be7 5. g3 0-0 6. Bg2 c5 7. e5 Nfd7 8. 0-0 Nc6 9. c4 d4 10. h4 Qc7 11. Bf4 a6 12. Nbd2 b5 13. Rfe1 Bb7 14. b3 Rab8 15. Nf1 bxc4 16. bxc4 Ba8 17. N1h2 Rb6 18. Ng5 Bxg5 19. hxg5 Ne7 20. Qh5 Rfb8 21. Bxa8 Rxa8 22. Ng4 Nf8 23. Nf6+ Kh8 24. Qxf7 gxf6 25. exf6 1-0

[Event "Espalion op 1st"]
[Site "Espalion"]
[Date "2016.07.10"]
[Round "2"]
[White "Degraeve, Thomas"]
[Black "Verat Fayolle, Celian"]
[Result "1-0"]
[WhiteElo "1905"]
[BlackElo "1680"]
[PlyCount "57"]
[EventDate "2016.07.09"]
[EventType "swiss"]
[EventRounds "9"]
[EventCountry "FRA"]
[SourceTitle "CBM 173 Extra"]
[Source "ChessBase"]
[SourceDate "2016.08.29"]
[SourceVersion "1"]
[SourceVersionDate "2016.08.29"]
[SourceQuality "1"]

1. d4 d5 2. c4 e6 3. Nc3 c5 4. cxd5 exd5 5. Nf3 Nc6 6. g3 Nf6 7. Bg2 Be7 8. 0-0 0-0 9. Bg5 cxd4 10. Nxd4 h6 11. Be3 Re8 12. Rc1 Bf8 13. h3 Ne5 14. Qb3 Nc4 15. Nxd5 Nxe3 16. fxe3 Nxd5 17. Bxd5 Qg5 18. Bxf7+ Kh8 19. Rf3 Rd8 20. Be6 Bd6 21. Rcf1 Bc5 22. Bxc8 Bxd4 23. Rf8+ Kh7 24. Qd3+ g6 25. exd4 Rxf8 26. Rxf8 Qc1+ 27. Kh2 Rxc8 28. Rf7+ Kh8 29. Qxg6 1-0

[Event "FRA-chT U20 Top"]
[Site "Bischwiller"]
[Date "2016.05.14"]
[Round "1"]
[White "Strohl, Antoine"]
[Black "Degraeve, Thomas"]
[Result "1/2-1/2"]
[WhiteElo "1945"]
[BlackElo "1909"]
[PlyCount "110"]
[EventDate "2016.05.14"]
[EventType "tourn"]
[EventRounds "11"]
[EventCountry "FRA"]
[SourceTitle "EXT 2019"]
[Source "ChessBase"]
[SourceDate "2018.10.10"]
[SourceVersion "1"]
[SourceVersionDate "2018.10.10"]
[SourceQuality "1"]

1. d4 b6 2. c4 Bb7 3. Nf3 e6 4. g3 Bb4+ 5. Nbd2 f5 6. Bg2 Nf6 7. 0-0 0-0 8. a3 Bxd2 9. Bxd2 Ne4 10. Bb4 c5 11. Bc3 Nxc3 12. bxc3 d6 13. Re1 Nd7 14. d5 e5 15. e4 f4 16. Nh4 Nf6 17. Bh3 Bc8 18. Bxc8 Qxc8 19. Kg2 fxg3 20. fxg3 Qg4 21. Qxg4 Nxg4 22. Re2 Rf6 23. Nf5 Raf8 24. h3 Nh6 25. Nxh6+ gxh6 26. a4 Rf3 27. Rc1 Rd3 28. Rf2 Rxf2+ 29. Kxf2 Rd2+ 30. Ke3 Ra2 31. Rf1 Kg7 32. h4 Rxa4 33. Kd3 Ra2 34. Rg1 Rb2 35. g4 Ra2 36. g5 h5 37. Rf1 Rh2 38. Rf6 Rxh4 39. Rxd6 Rf4 40. Rh6 h4 41. d6 Rf1 42. Ke2 Rf7 43. Rxh4 Kg6 44. Rh6+ Kxg5 45. Re6 Rd7 46. Rxe5+ Kf6 47. Rh5 Ke6 48. e5 h6 49. Kd2 Rg7 50. Kc2 Rg5 51. Rxh6+ Kxe5 52. d7 Rg8 53. Rc6 Rd8 54. Rc7 Kd6 55. Rxa7 Ke5 1/2-1/2

[Event "FRA-ch op-B"]
[Site "Agen"]
[Date "2016.??.??"]
[Round "7"]
[White "Degraeve, Thomas"]
[Black "Aubert, Laurane"]
[Result "1/2-1/2"]
[WhiteElo "1934"]
[BlackElo "1945"]
[PlyCount "159"]
[EventDate "2016.08.12"]
[EventType "swiss"]
[EventRounds "9"]
[EventCountry "FRA"]
[SourceTitle "EXT 2017"]
[Source "ChessBase"]
[SourceDate "2016.10.25"]
[SourceVersion "1"]
[SourceVersionDate "2016.10.25"]
[SourceQuality "1"]

1. d4 d5 2. c4 e6 3. Nc3 Bb4 4. cxd5 exd5 5. Bf4 Nf6 6. e3 Nbd7 7. Bd3 c5 8. Nge2 Ne4 9. 0-0 Nxc3 10. bxc3 Ba5 11. c4 dxc4 12. Bxc4 cxd4 13. Qxd4 0-0 14. Bd6 Re8 15. Qd5 Qf6 16. Qxa5 Qxd6 17. Rad1 Qb6 18. Qh5 Ne5 19. Rd4 Nxc4 20. Rxc4 Be6 21. Rh4 h6 22. a4 Rac8 23. Nd4 Rc5 24. Qf3 Bc4 25. Rd1 Qg6 26. Rg4 Rg5 27. Rxg5 Qxg5 28. Qg3 Qa5 29. h3 Qxa4 30. Qg4 Be6 31. Nxe6 Qxg4 32. hxg4 Rxe6 33. Rd8+ Kh7 34. Rd7 Rb6 35. Rxf7 Kg6 36. Rf5 Rf6 37. Ra5 a6 38. e4 Kf7 39. e5 Rg6 40. Rc5 Rxg4 41. Rc7+ Ke6 42. Rxb7 Kxe5 43. Ra7 Rg6 44. g3 Kd5 45. Kf1 Kc5 46. Ke2 Re6+ 47. Kd3 g5 48. Ra8 Kb4 49. Rb8+ Ka4 50. Rb1 a5 51. Ra1+ Kb4 52. Rb1+ Kc5 53. Rc1+ Kb5 54. Rb1+ Ka6 55. Ra1 g4 56. Kd2 Re5 57. Kd3 Kb5 58. Rb1+ Kc5 59. Rc1+ Kb4 60. Rc4+ Kb3 61. Rxg4 a4 62. Rg6 h5 63. Rb6+ Ka2 64. f4 Rc5 65. Ke4 Rc3 66. Rb5 Rxg3 67. Rxh5 a3 68. Rb5 Rb3 69. Ra5 Kb2 70. Ke5 a2 71. Rxa2+ Kxa2 72. f5 Rb5+ 73. Ke6 Rb6+ 74. Ke7 Rb7+ 75. Ke6 Kb3 76. f6 Kc4 77. f7 Rb6+ 78. Ke7 Rb7+ 79. Ke6 Rb8 80. Ke7 1/2-1/2

[Event "Saint Affrique op 22nd"]
[Site "Saint Affrique"]
[Date "2014.07.25"]
[Round "8.34"]
[White "Degraeve, Thomas"]
[Black "Viguie, Serge"]
[Result "0-1"]
[WhiteElo "1559"]
[BlackElo "1783"]
[PlyCount "40"]
[EventDate "2014.07.19"]
[EventType "swiss"]
[EventRounds "9"]
[EventCountry "FRA"]
[SourceTitle "CBM 161 Extra"]
[Source "ChessBase"]
[SourceDate "2014.08.29"]
[SourceVersion "1"]
[SourceVersionDate "2014.08.29"]
[SourceQuality "1"]

1. d4 Nf6 2. c4 g6 3. Nc3 Bg7 4. Nf3 d5 5. Bf4 0-0 6. e3 c6 7. Qc2 dxc4 8. Bxc4 Nbd7 9. a3 Nb6 10. Bd3 Nbd5 11. Nxd5 Nxd5 12. Bg3 Qa5+ 13. Nd2 Nb4 14. Qb3 Nxd3+ 15. Qxd3 Qd5 16. 0-0 c5 17. Qb5 b6 18. Nf3 Bd7 19. Qd3 cxd4 20. e4 Bb5 0-1

[Event "Saint Affrique op 22nd"]
[Site "Saint Affrique"]
[Date "2014.07.24"]
[Round "7.44"]
[White "Hirschmann, Georges"]
[Black "Degraeve, Thomas"]
[Result "0-1"]
[WhiteElo "1801"]
[BlackElo "1559"]
[PlyCount "52"]
[EventDate "2014.07.19"]
[EventType "swiss"]
[EventRounds "9"]
[EventCountry "FRA"]
[SourceTitle "CBM 161 Extra"]
[Source "ChessBase"]
[SourceDate "2014.08.29"]
[SourceVersion "1"]
[SourceVersionDate "2014.08.29"]
[SourceQuality "1"]

1. d4 e6 2. c4 b6 3. Nf3 Bb7 4. g3 Nf6 5. Bg2 Bb4+ 6. Bd2 Bxd2+ 7. Qxd2 0-0 8. Nc3 d5 9. cxd5 Nxd5 10. 0-0 Nd7 11. Rac1 Nxc3 12. Qxc3 Rc8 13. b4 Qe7 14. b5 c6 15. Qb2 cxb5 16. Qxb5 Nf6 17. Ne5 Bxg2 18. Kxg2 Qa3 19. Nc6 Kh8 20. Rc2 Rc7 21. e3 Rfc8 22. Rfc1 h6 23. Qb1 Qa4 24. Nb4 Rxc2 25. Nxc2 Rc3 26. Ne1 Qc6+ 0-1

[Event "Saint Affrique op 22nd"]
[Site "Saint Affrique"]
[Date "2014.07.23"]
[Round "6"]
[White "Degraeve, Thomas"]
[Black "Medard, Guillaume"]
[Result "1-0"]
[WhiteElo "1559"]
[BlackElo "1330"]
[PlyCount "49"]
[EventDate "2014.07.19"]
[EventType "swiss"]
[EventRounds "9"]
[EventCountry "FRA"]
[SourceTitle "CBM 161 Extra"]
[Source "ChessBase"]
[SourceDate "2014.08.29"]
[SourceVersion "1"]
[SourceVersionDate "2014.08.29"]
[SourceQuality "1"]

1. d4 d5 2. c4 Nf6 3. Nc3 e6 4. cxd5 exd5 5. Bf4 Bb4 6. Qb3 Nc6 7. e3 Bxc3+ 8. bxc3 Na5 9. Qa4+ c6 10. Bd3 Bd7 11. Nf3 b5 12. Qc2 Nc4 13. Ne5 Rb8 14. Nxd7 Rb7 15. Nxf6+ Qxf6 16. 0-0 0-0 17. a4 a6 18. Bxh7+ Kh8 19. Bd3 Re8 20. Qe2 Re6 21. Qh5+ Kg8 22. Bg5 Qxg5 23. Qxg5 Nd2 24. Qd8+ Re8 25. Qxe8# 1-0

[Event "La Fere op 11th"]
[Site "La Fere"]
[Date "2012.07.11"]
[Round "6"]
[White "Degraeve, Thomas"]
[Black "Vekemans, Sylvain"]
[Result "1/2-1/2"]
[WhiteElo "1432"]
[BlackElo "1779"]
[PlyCount "118"]
[EventDate "2012.07.07"]
[EventType "swiss"]
[EventRounds "9"]
[EventCountry "FRA"]
[SourceTitle "CBM 149 Extra"]
[Source "ChessBase"]
[SourceDate "2012.08.24"]
[SourceVersion "1"]
[SourceVersionDate "2012.08.24"]
[SourceQuality "1"]

1. d4 Nf6 2. Nf3 g6 3. c4 Bg7 4. Nc3 0-0 5. Bg5 d6 6. e3 c5 7. Be2 cxd4 8. exd4 a6 9. 0-0 Nc6 10. a3 Bd7 11. Rb1 Na7 12. Qc2 b5 13. c5 dxc5 14. dxc5 Bf5 15. Qd1 Bxb1 16. Qxb1 Nd5 17. Nxd5 Qxd5 18. b4 Qb7 19. Rd1 Rad8 20. Ne1 Qc7 21. Nc2 Rxd1+ 22. Bxd1 Rd8 23. Bf3 Qe5 24. Bh4 Rd7 25. c6 Rd2 26. Ne3 f5 27. Qc1 Ra2 28. Bd5+ Qxd5 29. Nxd5 Ra1 30. Qxa1 Bxa1 31. Nxe7+ Kf7 32. c7 h6 33. c8Q Nxc8 34. Nxc8 g5 35. Bg3 f4 36. Bxf4 gxf4 37. Nd6+ Ke6 38. Ne4 Bd4 39. Kf1 Kd5 40. f3 Bb2 41. Nc5 Bxa3 42. Nxa6 Kc4 43. Ke2 Bxb4 44. Nxb4 Kxb4 45. Kd2 Ka3 46. Kc2 b4 47. Kb1 Kb3 48. g3 Kc4 49. Kb2 Kd4 50. g4 Ke3 51. h4 Kxf3 52. g5 hxg5 53. hxg5 Ke2 54. g6 f3 55. g7 f2 56. g8Q f1Q 57. Qc4+ Kf2 58. Qxb4 Qe2+ 59. Ka3 Qd3+ 1/2-1/2

[Event "La Fere op 11th"]
[Site "La Fere"]
[Date "2012.07.09"]
[Round "4"]
[White "Degraeve, Thomas"]
[Black "Cretin, Stephane"]
[Result "1-0"]
[WhiteElo "1432"]
[BlackElo "1640"]
[PlyCount "39"]
[EventDate "2012.07.07"]
[EventType "swiss"]
[EventRounds "9"]
[EventCountry "FRA"]
[SourceTitle "CBM 149 Extra"]
[Source "ChessBase"]
[SourceDate "2012.08.24"]
[SourceVersion "1"]
[SourceVersionDate "2012.08.24"]
[SourceQuality "1"]

1. d4 e6 2. c4 d5 3. Nc3 Nf6 4. Bg5 c5 5. cxd5 cxd4 6. Qxd4 Be7 7. Bxf6 Bxf6 8. Qd3 exd5 9. e3 0-0 10. Nf3 Be6 11. Be2 Nc6 12. 0-0 Rc8 13. a3 Re8 14. Rfd1 Bxc3 15. Qxc3 Re7 16. Bb5 Na5 17. Qd3 a6 18. Ba4 b5 19. Bc2 Nc4 20. Qxh7+ 1-0

[Event "La Fere op"]
[Site "La Fere"]
[Date "2010.07.07"]
[Round "6"]
[White "Brobecker, Alain"]
[Black "Degraeve, Thomas"]
[Result "1-0"]
[WhiteElo "1769"]
[BlackElo "1540"]
[PlyCount "53"]
[EventDate "2010.07.03"]
[EventType "swiss"]
[EventRounds "9"]
[EventCountry "FRA"]
[SourceTitle "CBM 137 Extra"]
[Source "ChessBase"]
[SourceDate "2010.09.01"]
[SourceVersion "1"]
[SourceVersionDate "2010.09.01"]
[SourceQuality "1"]

1. g3 d5 2. Bg2 Nf6 3. Nf3 h6 4. d4 c6 5. Nc3 Bf5 6. 0-0 e6 7. Re1 Be7 8. Bf4 0-0 9. Nd2 Nbd7 10. e4 Bh7 11. e5 Ne8 12. Ne2 a5 13. a4 Qb6 14. Nb3 c5 15. Qc1 c4 16. Nd2 Nc7 17. c3 Rfb8 18. h4 Qc6 19. Nf3 b5 20. axb5 Qxb5 21. Ra2 Qb3 22. Qa1 a4 23. Bc1 Ra7 24. Nf4 Rba8 25. Nd2 Qc2 26. b4 Qf5 27. Bh3 1-0